000 01461nam a2200217Ia 4500
003 Ost
005 20260507075058.0
008 260507s9999||||xx |||||||||||||| ||und||
020 _a9043249957
040 _cfsecg
041 _aara
082 _a657.835
100 _aهلالي، محمد جمال علي
_eمؤلف
245 0 _aالمحاسبة الحكومية /
_c محمد جمال علي هلالي
260 _aعمان:
_bدار صفاء,
_c2002
300 _a360 صفحة؛
_bإيضاحات ؛
_c24 سم
504 _aالملاحق ص.341 ببليوغرافيا ص.358
520 _aالإطار الفكري للمحاسبة الحكومية،الموازنة العامة للدولة،النظام المحاسبي الحكومي في ضوء التشريعات الأردنية،المعالجة المحاسبية للإيرادات والمقبوضات الأخرى،المعالجة المحاسبية للنفقات والمدفوعات الأخرى،المعالجة المحاسبية للعمليات المتعلقة بالحسابات الجارية المدينة،المعالجة المحاسبية المتعلقة بالحسابات الجارية الدائنة،المعالجة المحاسبية للحسابات النظامية،التقارير والحسابات الختامية الحكومية،الرقابة المالية الحكومية
653 _aالمحاسبة الحكومية
942 _cكتاب
999 _c42761
_d42761